Most Guessed Most Guessed Most Guessed Most Guessed Countries - Statistics

General Stats
  • This quiz has been taken 62 times
  • The average score is 2 of 2
Answer Stats
OG % GSD % GSD2 % GSD3 % Answer % Correct
97% 100% 100% 100% United States
100%
95% 98% 96% 95% China
94%
No matching quizzes found
Score Distribution
Percent of People with Each Score
Percentile by Number Answered
Your Score History
You have not taken this quiz